[Event "WYCC Open U18"]
[Site "Porto Carras"]
[Date "2015.10.31"]
[Round "6.3"]
[White "Daskalov, Dimitar"]
[Black "Bellahcene, Bilel"]
[Result "1/2-1/2"]
[BlackElo "2455"]
[WhiteElo "2338"]
[LiveChessVersion "1.4.6"]

1. e4 {[%clk 1:30:59]} c5 {[%clk 1:30:54]} 2. Nc3 {[%clk 1:31:22]} d6
{[%clk 1:31:21]} 3. Nf3 {[%clk 1:31:38]} Nf6 {[%clk 1:31:44]} 4. d4
{[%clk 1:32:03]} cxd4 {[%clk 1:32:11]} 5. Nxd4 {[%clk 1:32:28]} a6
{[%clk 1:32:39]} 6. a4 {[%clk 1:32:51]} e5 {[%clk 1:33:05]} 7. Nde2
{[%clk 1:33:16]} Be6 {[%clk 1:33:13]} 8. g3 {[%clk 1:33:21]} Nbd7
{[%clk 1:33:35]} 9. Bg2 {[%clk 1:32:36]} Rc8 {[%clk 1:33:29]} 10. O-O
{[%clk 1:31:07]} Be7 {[%clk 1:33:57]} 11. h3 {[%clk 1:29:53]} h5 {[%clk 1:34:23]}
12. Bg5 {[%clk 1:27:19]} O-O {[%clk 1:26:42]} 13. Qd2 {[%clk 1:23:57]} Qc7
{[%clk 1:08:54]} 14. a5 {[%clk 1:17:21]} Bc4 {[%clk 1:05:05]} 15. Rfc1
{[%clk 1:04:14]} Rfd8 {[%clk 0:50:56]} 16. b3 {[%clk 1:02:23]} Bxe2
{[%clk 0:43:43]} 17. Nxe2 {[%clk 1:02:49]} b5 {[%clk 0:43:38]} 18. axb6
{[%clk 0:57:53]} Qxb6 {[%clk 0:44:05]} 19. Nc3 {[%clk 0:49:39]} Qc6
{[%clk 0:39:39]} 20. Nd5 {[%clk 0:46:47]} Nxd5 {[%clk 0:37:08]} 21. exd5
{[%clk 0:47:10]} Bxg5 {[%clk 0:37:21]} 22. Qxg5 {[%clk 0:47:25]} Qb6
{[%clk 0:36:12]} 23. Bf1 {[%clk 0:41:03]} a5 {[%clk 0:34:19]} 24. Qd2
{[%clk 0:33:15]} Rc5 {[%clk 0:34:15]} 25. Ra4 {[%clk 0:29:52]} Rdc8
{[%clk 0:33:20]} 26. Bc4 {[%clk 0:26:53]} Qd8 {[%clk 0:33:06]} 27. Rca1
{[%clk 0:26:10]} Nb6 {[%clk 0:32:55]} 28. Rxa5 {[%clk 0:26:31]} Nxc4
{[%clk 0:33:09]} 29. bxc4 {[%clk 0:26:56]} Rxc4 {[%clk 0:33:36]} 30. Qe2
{[%clk 0:26:22]} h4 {[%clk 0:32:53]} 31. Ra8 {[%clk 0:21:02]} hxg3
{[%clk 0:31:03]} 32. Qxc4 {[%clk 0:20:47]} gxf2+ {[%clk 0:30:59]} 33. Kxf2
{[%clk 0:21:13]} Rxa8 {[%clk 0:30:48]} 34. Rxa8 {[%clk 0:21:31]} Qxa8
{[%clk 0:31:15]} 35. Qc6 {[%clk 0:20:56]} Qd8 {[%clk 0:31:30]} 36. c4
{[%clk 0:18:09]} g6 {[%clk 0:30:51]} 37. Ke2 {[%clk 0:17:12]} Qb8
{[%clk 0:30:32]} 38. Qb5 {[%clk 0:17:02]} Qa7 {[%clk 0:30:21]} 39. Qb4
{[%clk 0:16:08]} Qa2+ {[%clk 0:25:33]} 40. Ke3 {[%clk 0:44:48]} Qh2
{[%clk 0:54:13]} 41. Qxd6 {[%clk 0:42:52]} Qf4+ {[%clk 0:53:37]} 42. Ke2
{[%clk 0:43:18]} Qxc4+ {[%clk 0:54:04]} 43. Kf2 {[%clk 0:43:31]} Qd4+
{[%clk 0:54:06]} 44. Kg2 {[%clk 0:43:53]} Qd2+ {[%clk 0:53:50]} 45. Kf3
{[%clk 0:42:32]} Qd3+ {[%clk 0:53:06]} 46. Kg4 {[%clk 0:38:40]} Qf5+
{[%clk 0:53:10]} 47. Kg3 {[%clk 0:39:05]} Kg7 {[%clk 0:52:02]} 48. Qc6
{[%clk 0:34:35]} Qd3+ {[%clk 0:51:00]} 49. Kg2 {[%clk 0:34:54]} e4
{[%clk 0:49:05]} 50. d6 {[%clk 0:35:20]} Qd2+ {[%clk 0:49:07]} 51. Kf1
{[%clk 0:34:41]} Qd3+ {[%clk 0:45:47]} 52. Kg2 {[%clk 0:27:09]} Qf3+
{[%clk 0:45:22]} 53. Kh2 {[%clk 0:27:04]} Qf2+ {[%clk 0:44:45]} 54. Kh1
{[%clk 0:27:33]} e3 {[%clk 0:44:45]} 55. Qc3+ {[%clk 0:27:24]} Kh7
{[%clk 0:42:39]} 56. d7 {[%clk 0:27:43]} Qf1+ {[%clk 0:39:44]} 57. Kh2
{[%clk 0:28:09]} Qe2+ {[%clk 0:40:04]} 58. Kg1 {[%clk 0:26:50]} Qd1+
{[%clk 0:40:21]} 59. Kg2 {[%clk 0:26:45]} e2 {[%clk 0:39:53]} 60. Qe3
{[%clk 0:27:00]} Qf1+ {[%clk 0:37:09]} 61. Kh2 {[%clk 0:27:26]} e1=Q
{[%clk 0:37:17]} 62. Qxe1 {[%clk 0:27:03]} Qxe1 {[%clk 0:37:45]} 63. d8=Q
{[%clk 0:27:24]} Qf2+ {[%clk 0:38:14]} 64. Kh1 {[%clk 0:27:47]} Qg3
{[%clk 0:38:36]} 65. h4 {[%clk 0:24:18]} Kg7 {[%clk 0:38:03]} 66. Qe7
{[%clk 0:23:49]} Qf4 {[%clk 0:37:21]} 67. Kg2 {[%clk 0:23:33]} Kh6
{[%clk 0:35:51]} 68. Kh3 {[%clk 0:23:05]} Qf3+ {[%clk 0:35:41]} 69. Kh2
{[%clk 0:23:31]} f6 {[%clk 0:35:56]} 70. Qf7 {[%clk 0:22:14]} Qf4+
{[%clk 0:34:07]} 71. Kh3 {[%clk 0:22:41]} Qf5+ {[%clk 0:34:33]} 72. Kg3
{[%clk 0:22:29]} Qe5+ {[%clk 0:34:21]} 73. Kh3 {[%clk 0:22:24]} f5
{[%clk 0:34:28]} 74. Qg8 {[%clk 0:16:47]} Qe3+ {[%clk 0:33:38]} 75. Kg2
{[%clk 0:17:04]} Qe2+ {[%clk 0:33:48]} 76. Kg1 {[%clk 0:17:18]} Qg4+
{[%clk 0:33:00]} 77. Kf1 {[%clk 0:17:44]} Qxh4 {[%clk 0:31:43]} 78. Qh8+
{[%clk 0:17:28]} Kg5 {[%clk 0:32:06]} 79. Qd8+ {[%clk 0:17:20]} Kg4
{[%clk 0:32:18]} 80. Qd4+ {[%clk 0:16:35]} f4 {[%clk 0:29:46]} 81. Qd7+
{[%clk 0:16:43]} Kg5 {[%clk 0:28:54]} 82. Qe7+ {[%clk 0:16:43]} Kg4
{[%clk 0:27:26]} 83. Qd7+ {[%clk 0:17:09]} Kh5 {[%clk 0:24:49]} 84. Qh7+
{[%clk 0:17:29]} Kg5 {[%clk 0:24:07]} 85. Qe7+ {[%clk 0:17:55]} Kg4
{[%clk 0:24:35]} 86. Qd7+ {[%clk 0:18:15]} Kg3 {[%clk 0:23:53]} 87. Qd3+
{[%clk 0:18:37]} f3 {[%clk 0:23:40]} 88. Qxg6+ {[%clk 0:19:00]} Qg4
{[%clk 0:24:00]} 89. Qxg4+ {[%clk 0:19:25]} Kxg4 {[%clk 0:24:26]} 90. Kf2 1/2-1/2

[Event "WYCC Open U18"]
[Site "Porto Carras"]
[Date "2015.10.31"]
[Round "6.4"]
[White "Iovcov, Valerii"]
[Black "Jarmula, Lukasz"]
[Result "1-0"]
[BlackElo "2321"]
[WhiteElo "2421"]
[LiveChessVersion "1.4.6"]

1. e4 {[%clk 1:30:56]} c5 {[%clk 1:30:55]} 2. Nf3 {[%clk 1:31:18]} d6
{[%clk 1:31:20]} 3. d4 {[%clk 1:31:40]} cxd4 {[%clk 1:31:44]} 4. Nxd4
{[%clk 1:32:03]} Nf6 {[%clk 1:32:09]} 5. Nc3 {[%clk 1:32:25]} g6 {[%clk 1:32:28]}
6. Be3 {[%clk 1:32:42]} Bg7 {[%clk 1:32:52]} 7. f3 {[%clk 1:32:55]} O-O
{[%clk 1:33:15]} 8. Qd2 {[%clk 1:33:14]} Nc6 {[%clk 1:33:38]} 9. g4
{[%clk 1:33:32]} Be6 {[%clk 1:29:28]} 10. Nxe6 {[%clk 1:33:56]} fxe6
{[%clk 1:29:53]} 11. O-O-O {[%clk 1:34:00]} Ne8 {[%clk 1:28:14]} 12. f4
{[%clk 1:00:47]} Qa5 {[%clk 1:27:49]} 13. Bc4 {[%clk 0:54:39]} Nc7
{[%clk 1:28:00]} 14. Bb3 {[%clk 0:34:39]} Rad8 {[%clk 1:07:41]} 15. Ne2
{[%clk 0:32:35]} Qa6 {[%clk 1:02:38]} 16. Qd3 {[%clk 0:25:26]} b5
{[%clk 0:57:33]} 17. Rhf1 {[%clk 0:24:11]} Qb7 {[%clk 0:47:53]} 18. Nd4
{[%clk 0:21:48]} Nb4 {[%clk 0:32:00]} 19. Qd2 {[%clk 0:20:32]} a5
{[%clk 0:30:23]} 20. Nxe6 {[%clk 0:14:29]} Nxe6 {[%clk 0:30:38]} 21. Bxe6+
{[%clk 0:14:54]} Kh8 {[%clk 0:31:03]} 22. Bd4 {[%clk 0:14:31]} Qxe4
{[%clk 0:28:39]} 23. Bxg7+ {[%clk 0:14:56]} Kxg7 {[%clk 0:29:03]} 24. Rde1
{[%clk 0:14:01]} Qc6 {[%clk 0:28:16]} 25. a3 {[%clk 0:13:44]} 1-0

[Event "WYCC Open U18"]
[Site "Porto Carras"]
[Date "2015.10.31"]
[Round "6.5"]
[White "Rahman, Adel"]
[Black "Kaczur, Florian"]
[Result "0-1"]
[BlackElo "2376"]
[WhiteElo "2234"]
[LiveChessVersion "1.4.6"]

1. d4 {[%clk 1:30:50]} Nf6 {[%clk 1:30:54]} 2. c4 {[%clk 1:31:13]} e6
{[%clk 1:30:53]} 3. g3 {[%clk 1:31:07]} d5 {[%clk 1:31:06]} 4. Nf3
{[%clk 1:31:21]} dxc4 {[%clk 1:30:19]} 5. Bg2 {[%clk 1:31:30]} a6
{[%clk 1:29:55]} 6. O-O {[%clk 1:30:42]} Nc6 {[%clk 1:29:28]} 7. Bg5
{[%clk 1:30:14]} Be7 {[%clk 1:24:33]} 8. e3 {[%clk 1:27:18]} Bd7 {[%clk 1:24:05]}
9. Qc1 {[%clk 1:19:35]} b5 {[%clk 1:17:25]} 10. b3 {[%clk 1:18:11]} cxb3
{[%clk 1:15:13]} 11. axb3 {[%clk 1:17:59]} Ra7 {[%clk 1:06:12]} 12. Nc3
{[%clk 1:14:15]} O-O {[%clk 1:05:40]} 13. Rd1 {[%clk 1:05:48]} Nb4
{[%clk 1:02:29]} 14. Ne5 {[%clk 1:00:37]} Be8 {[%clk 0:57:37]} 15. Ne2
{[%clk 0:40:36]} Qd6 {[%clk 0:49:21]} 16. e4 {[%clk 0:27:22]} c5 {[%clk 0:43:35]}
17. Qxc5 {[%clk 0:21:16]} Qxc5 {[%clk 0:43:12]} 18. dxc5 {[%clk 0:21:41]} Bxc5
{[%clk 0:38:31]} 19. Rac1 {[%clk 0:21:14]} Bb6 {[%clk 0:36:08]} 20. Bd2
{[%clk 0:19:32]} a5 {[%clk 0:35:09]} 21. Bxb4 {[%clk 0:16:26]} axb4
{[%clk 0:35:37]} 22. Nc6 {[%clk 0:16:48]} Ra2 {[%clk 0:32:01]} 23. Ned4
{[%clk 0:16:24]} Ng4 {[%clk 0:29:32]} 24. Nxb4 {[%clk 0:14:33]} Nxf2
{[%clk 0:27:53]} 25. Nxa2 {[%clk 0:13:35]} Nxd1 {[%clk 0:28:17]} 26. Rxd1
{[%clk 0:13:57]} e5 {[%clk 0:28:42]} 27. Nb4 {[%clk 0:13:54]} Bxd4+
{[%clk 0:28:26]} 28. Kh1 {[%clk 0:13:53]} Bd7 {[%clk 0:28:13]} 29. Nd5
{[%clk 0:13:04]} Ra8 {[%clk 0:23:49]} 30. Rc1 {[%clk 0:12:30]} Ra2
{[%clk 0:23:24]} 31. Bf3 {[%clk 0:11:07]} Rf2 {[%clk 0:19:09]} 32. Bg2
{[%clk 0:09:49]} h5 {[%clk 0:19:01]} 33. Rf1 {[%clk 0:08:40]} Rb2
{[%clk 0:18:53]} 34. b4 {[%clk 0:09:01]} Be6 {[%clk 0:18:58]} 35. Rc1
{[%clk 0:08:53]} g6 {[%clk 0:18:45]} 36. Bf1 {[%clk 0:07:58]} Kg7
{[%clk 0:17:28]} 37. Bg2 {[%clk 0:07:58]} Kh6 {[%clk 0:15:23]} 38. Rf1
{[%clk 0:03:43]} h4 {[%clk 0:14:13]} 39. gxh4 {[%clk 0:03:12]} Kh5
{[%clk 0:14:04]} 40. Nf6+ {[%clk 0:32:36]} Kxh4 {[%clk 0:44:10]} 0-1

[Event "WYCC Open U18"]
[Site "Porto Carras"]
[Date "2015.10.31"]
[Round "6.6"]
[White "Sanal, Vahap"]
[Black "Cuellar, Diego"]
[Result "1-0"]
[BlackElo "2372"]
[WhiteElo "2501"]
[LiveChessVersion "1.4.6"]

1. e4 {[%clk 1:30:57]} e5 {[%clk 1:30:52]} 2. Nf3 {[%clk 1:31:22]} Nf6
{[%clk 1:31:10]} 3. Nxe5 {[%clk 1:31:29]} d6 {[%clk 1:31:35]} 4. Nf3
{[%clk 1:31:53]} Nxe4 {[%clk 1:32:00]} 5. Nc3 {[%clk 1:32:06]} Nxc3
{[%clk 1:32:25]} 6. dxc3 {[%clk 1:32:26]} Be7 {[%clk 1:32:49]} 7. Bf4
{[%clk 1:32:47]} Nd7 {[%clk 1:33:07]} 8. Qd2 {[%clk 1:33:09]} Nc5
{[%clk 1:33:27]} 9. O-O-O {[%clk 1:33:29]} O-O {[%clk 1:33:47]} 10. Nd4
{[%clk 1:33:02]} Ne6 {[%clk 1:30:12]} 11. Be3 {[%clk 1:32:20]} Nxd4
{[%clk 1:28:28]} 12. cxd4 {[%clk 1:32:19]} c6 {[%clk 1:18:20]} 13. h4
{[%clk 1:31:55]} Be6 {[%clk 1:12:52]} 14. Kb1 {[%clk 1:31:28]} Qd7
{[%clk 1:07:29]} 15. h5 {[%clk 1:28:36]} b5 {[%clk 1:04:16]} 16. h6
{[%clk 1:23:05]} g6 {[%clk 1:04:40]} 17. Bg5 {[%clk 1:23:20]} Bxg5
{[%clk 0:49:18]} 18. Qxg5 {[%clk 1:22:49]} f6 {[%clk 0:49:42]} 19. Qf4
{[%clk 1:22:50]} Bd5 {[%clk 0:50:02]} 20. Bd3 {[%clk 1:13:08]} Rae8
{[%clk 0:48:44]} 21. f3 {[%clk 1:12:05]} Re7 {[%clk 0:44:14]} 22. b3
{[%clk 1:07:23]} b4 {[%clk 0:32:16]} 23. Ba6 {[%clk 1:02:46]} Qd8
{[%clk 0:19:33]} 24. Kb2 {[%clk 0:59:54]} Re6 {[%clk 0:18:30]} 25. Rhe1
{[%clk 0:58:48]} Rfe8 {[%clk 0:18:17]} 26. Rxe6 {[%clk 0:56:18]} Rxe6
{[%clk 0:18:43]} 27. Bd3 {[%clk 0:51:58]} a5 {[%clk 0:03:16]} 28. a3
{[%clk 0:49:42]} bxa3+ {[%clk 0:02:03]} 29. Kxa3 {[%clk 0:50:00]} Qb6
{[%clk 0:01:22]} 30. Ra1 {[%clk 0:39:19]} a4 {[%clk 0:00:38]} 31. b4
{[%clk 0:39:22]} f5 {[%clk 0:00:31]} 32. c4 {[%clk 0:37:03]} c5 {[%clk 0:00:41]}
33. Rb1 {[%clk 0:31:17]} Bc6 {[%clk 0:00:34]} 34. bxc5 {[%clk 0:26:03]} Qa5
{[%clk 0:01:01]} 35. Qc1 {[%clk 0:26:23]} dxc5 {[%clk 0:00:37]} 36. d5
{[%clk 0:26:22]} Rd6 {[%clk 0:00:34]} 37. Rb8+ {[%clk 0:26:44]} Kf7
{[%clk 0:00:31]} 38. Qb2 {[%clk 0:27:02]} Rf6 {[%clk 0:00:31]} 39. dxc6
{[%clk 0:27:11]} 1-0

[Event "WYCC Open U18"]
[Site "Porto Carras"]
[Date "2015.10.31"]
[Round "6.7"]
[White "Sibashvili, Giorgi"]
[Black "Tran, Tuan Minh"]
[Result "0-1"]
[BlackElo "2444"]
[WhiteElo "2367"]
[LiveChessVersion "1.4.6"]

1. d4 {[%clk 1:29:10]} Nf6 {[%clk 1:29:11]} 2. c4 {[%clk 1:29:34]} e6
{[%clk 1:29:32]} 3. Nc3 {[%clk 1:29:57]} Bb4 {[%clk 1:29:57]} 4. e3
{[%clk 1:30:22]} O-O {[%clk 1:30:10]} 5. Bd3 {[%clk 1:30:45]} c5 {[%clk 1:30:27]}
6. Nf3 {[%clk 1:30:54]} cxd4 {[%clk 1:29:46]} 7. exd4 {[%clk 1:30:17]} d5
{[%clk 1:30:13]} 8. cxd5 {[%clk 1:25:37]} Nxd5 {[%clk 1:29:15]} 9. O-O
{[%clk 1:25:42]} Nc6 {[%clk 1:29:11]} 10. Ne4 {[%clk 1:25:12]} Qb6
{[%clk 1:24:55]} 11. Bc2 {[%clk 1:07:22]} Be7 {[%clk 1:23:58]} 12. a3
{[%clk 1:06:53]} Rd8 {[%clk 1:24:06]} 13. Qd3 {[%clk 1:05:28]} g6
{[%clk 1:05:48]} 14. Rd1 {[%clk 0:57:38]} Bd7 {[%clk 0:41:03]} 15. b4
{[%clk 0:46:12]} Rac8 {[%clk 0:22:12]} 16. Bb3 {[%clk 0:44:41]} Be8
{[%clk 0:18:00]} 17. Bh6 {[%clk 0:24:56]} Nf6 {[%clk 0:08:25]} 18. Be3
{[%clk 0:18:06]} Nd5 {[%clk 0:07:53]} 19. Bh6 {[%clk 0:12:17]} Nf6
{[%clk 0:04:09]} 20. Be3 {[%clk 0:05:02]} Ng4 {[%clk 0:04:34]} 21. Bg5
{[%clk 0:03:47]} Bxg5 {[%clk 0:03:33]} 22. Nexg5 {[%clk 0:03:14]} Ne7
{[%clk 0:00:44]} 23. Qe4 {[%clk 0:01:53]} Nf6 {[%clk 0:01:13]} 24. Qf4
{[%clk 0:01:58]} Nh5 {[%clk 0:00:34]} 25. Qh4 {[%clk 0:00:53]} Nf5
{[%clk 0:00:43]} 26. Qh3 {[%clk 0:00:47]} h6 {[%clk 0:00:40]} 27. Ne4
{[%clk 0:00:35]} Nxd4 {[%clk 0:00:35]} 28. Nxd4 {[%clk 0:00:37]} Rxd4
{[%clk 0:01:05]} 29. Nc5 {[%clk 0:00:40]} Rxd1+ {[%clk 0:00:33]} 30. Rxd1
{[%clk 0:00:52]} Rd8 {[%clk 0:00:47]} 31. g4 {[%clk 0:00:38]} Rxd1+
{[%clk 0:00:32]} 32. Bxd1 {[%clk 0:01:06]} Nf4 {[%clk 0:00:41]} 33. Qf3
{[%clk 0:00:35]} Qd6 {[%clk 0:00:43]} 34. Nxb7 {[%clk 0:00:32]} Qd2
{[%clk 0:00:32]} 35. h4 {[%clk 0:00:40]} Bc6 {[%clk 0:00:35]} 36. Qb3
{[%clk 0:00:33]} Qe1+ {[%clk 0:00:59]} 0-1

[Event "WYCC Open U18"]
[Site "Porto Carras"]
[Date "2015.10.31"]
[Round "6.8"]
[White "Vavulin, Maksim"]
[Black "Bilguun, Sumiya"]
[Result "1-0"]
[BlackElo "2348"]
[WhiteElo "2441"]
[LiveChessVersion "1.4.6"]

1. e4 {[%clk 1:30:58]} c5 {[%clk 1:30:45]} 2. Nf3 {[%clk 1:31:20]} e6
{[%clk 1:31:04]} 3. b3 {[%clk 1:31:38]} a6 {[%clk 1:29:32]} 4. Bb2
{[%clk 1:31:49]} d6 {[%clk 1:29:10]} 5. d4 {[%clk 1:31:26]} cxd4 {[%clk 1:29:15]}
6. Nxd4 {[%clk 1:31:51]} Nf6 {[%clk 1:29:25]} 7. Bd3 {[%clk 1:32:01]} Qc7
{[%clk 1:29:20]} 8. c4 {[%clk 1:25:48]} Nbd7 {[%clk 1:29:31]} 9. Nc3
{[%clk 1:23:07]} b6 {[%clk 1:28:29]} 10. Qe2 {[%clk 1:18:59]} Bb7
{[%clk 1:26:48]} 11. O-O-O {[%clk 1:04:02]} g6 {[%clk 1:14:40]} 12. Bc2
{[%clk 1:01:07]} Bh6+ {[%clk 1:02:17]} 13. Kb1 {[%clk 1:01:31]} O-O
{[%clk 1:02:25]} 14. Rhe1 {[%clk 1:00:10]} e5 {[%clk 0:55:41]} 15. Nf3
{[%clk 0:59:27]} Rfc8 {[%clk 0:55:35]} 16. Qd3 {[%clk 0:44:53]} Bf8
{[%clk 0:53:56]} 17. Qd2 {[%clk 0:33:41]} Bc6 {[%clk 0:46:18]} 18. Nd5
{[%clk 0:26:25]} Qb7 {[%clk 0:44:49]} 19. Qg5 {[%clk 0:25:23]} Bxd5
{[%clk 0:32:42]} 20. cxd5 {[%clk 0:25:10]} a5 {[%clk 0:32:08]} 21. a3
{[%clk 0:19:28]} b5 {[%clk 0:31:17]} 22. Nd2 {[%clk 0:18:37]} Be7
{[%clk 0:29:17]} 23. Qe3 {[%clk 0:17:53]} Bd8 {[%clk 0:18:33]} 24. Qe2
{[%clk 0:18:06]} Rab8 {[%clk 0:14:14]} 25. f3 {[%clk 0:16:12]} Qa7
{[%clk 0:14:04]} 26. Bd3 {[%clk 0:14:56]} Qb7 {[%clk 0:12:17]} 27. g3
{[%clk 0:07:48]} Ne8 {[%clk 0:11:15]} 28. Nf1 {[%clk 0:06:25]} Nc5
{[%clk 0:11:09]} 29. Bc2 {[%clk 0:06:35]} Bf6 {[%clk 0:10:52]} 30. Ne3
{[%clk 0:06:17]} Bg7 {[%clk 0:09:12]} 31. h4 {[%clk 0:03:57]} Nf6
{[%clk 0:08:59]} 32. Nf1 {[%clk 0:03:40]} Qe7 {[%clk 0:08:23]} 33. g4
{[%clk 0:03:38]} Nfd7 {[%clk 0:08:02]} 34. Qh2 {[%clk 0:02:35]} Qf8
{[%clk 0:04:14]} 35. Ne3 {[%clk 0:02:18]} h6 {[%clk 0:02:58]} 36. Rg1
{[%clk 0:01:47]} Nb6 {[%clk 0:02:23]} 37. Qd2 {[%clk 0:00:40]} a4
{[%clk 0:02:10]} 38. b4 {[%clk 0:00:54]} Nc4 {[%clk 0:01:34]} 39. Qe2
{[%clk 0:00:36]} Nb3 {[%clk 0:01:00]} 40. Bxb3 {[%clk 0:30:56]} axb3
{[%clk 0:31:18]} 41. Nxc4 {[%clk 0:20:08]} Rxc4 {[%clk 0:29:41]} 42. Qe3
{[%clk 0:19:34]} Kh7 {[%clk 0:23:37]} 43. h5 {[%clk 0:16:25]} Bf6
{[%clk 0:21:54]} 44. Rh1 {[%clk 0:14:21]} Bg5 {[%clk 0:20:44]} 45. hxg6+
{[%clk 0:14:02]} Kxg6 {[%clk 0:21:02]} 46. Qxb3 {[%clk 0:14:11]} Rbc8
{[%clk 0:21:01]} 47. Rd3 {[%clk 0:07:13]} Qe7 {[%clk 0:18:39]} 48. Rc3
{[%clk 0:05:14]} Rxc3 {[%clk 0:17:55]} 49. Bxc3 {[%clk 0:05:43]} Qa7
{[%clk 0:18:03]} 50. Bb2 {[%clk 0:05:27]} Qf2 {[%clk 0:14:08]} 51. Qd3
{[%clk 0:04:34]} Rc4 {[%clk 0:08:53]} 52. Rf1 {[%clk 0:04:57]} Qg2
{[%clk 0:08:51]} 53. Re1 {[%clk 0:05:03]} Qf2 {[%clk 0:08:13]} 54. Qe2
{[%clk 0:02:21]} Qa7 {[%clk 0:07:59]} 55. Rd1 {[%clk 0:02:27]} f6
{[%clk 0:06:26]} 56. Rd3 {[%clk 0:01:41]} Qa4 {[%clk 0:04:49]} 57. Qd1
{[%clk 0:01:21]} Qa7 {[%clk 0:04:53]} 58. Qe1 {[%clk 0:01:15]} Qa4
{[%clk 0:03:56]} 59. Rc3 {[%clk 0:00:56]} Rd4 {[%clk 0:04:03]} 60. Rc2
{[%clk 0:00:33]} Rd3 {[%clk 0:04:08]} 61. Qh1 {[%clk 0:00:41]} Kg7
{[%clk 0:01:42]} 62. Rc7+ {[%clk 0:00:38]} Kf8 {[%clk 0:00:59]} 63. Qh5
{[%clk 0:00:40]} Qd1+ {[%clk 0:00:34]} 64. Bc1 {[%clk 0:01:03]} Qb3+
{[%clk 0:00:31]} 65. Ka1 {[%clk 0:01:25]} 1-0

[Event "WYCC Open U18"]
[Site "Porto Carras"]
[Date "2015.10.31"]
[Round "6.9"]
[White "Khodashenas, Mersad"]
[Black "Garriga Cazorla, Pere"]
[Result "1-0"]
[BlackElo "2422"]
[WhiteElo "2350"]
[LiveChessVersion "1.4.6"]

1. e4 {[%clk 1:30:59]} c5 {[%clk 1:30:49]} 2. Nf3 {[%clk 1:31:27]} d6
{[%clk 1:31:10]} 3. d4 {[%clk 1:31:50]} cxd4 {[%clk 1:31:34]} 4. Nxd4
{[%clk 1:32:17]} Nf6 {[%clk 1:31:56]} 5. Nc3 {[%clk 1:32:41]} a6 {[%clk 1:32:21]}
6. Bg5 {[%clk 1:33:01]} Nbd7 {[%clk 1:32:46]} 7. a4 {[%clk 1:26:34]} g6
{[%clk 1:21:45]} 8. Be2 {[%clk 1:19:13]} Bg7 {[%clk 1:19:26]} 9. O-O
{[%clk 1:11:40]} Nc5 {[%clk 1:12:14]} 10. Bf3 {[%clk 1:06:34]} h6
{[%clk 0:58:30]} 11. Be3 {[%clk 1:04:14]} O-O {[%clk 0:58:26]} 12. Re1
{[%clk 0:59:19]} Rb8 {[%clk 0:55:43]} 13. Ra3 {[%clk 0:52:20]} Ncd7
{[%clk 0:47:03]} 14. Nd5 {[%clk 0:45:11]} e6 {[%clk 0:45:32]} 15. Nxf6+
{[%clk 0:42:39]} Qxf6 {[%clk 0:45:52]} 16. Qd2 {[%clk 0:38:17]} Rd8
{[%clk 0:42:32]} 17. Rc3 {[%clk 0:29:44]} g5 {[%clk 0:38:56]} 18. Nb3
{[%clk 0:27:12]} g4 {[%clk 0:25:19]} 19. Bxg4 {[%clk 0:22:20]} Qg6
{[%clk 0:24:40]} 20. Bd4 {[%clk 0:20:52]} Nf6 {[%clk 0:19:26]} 21. Bf3
{[%clk 0:17:06]} Bd7 {[%clk 0:19:44]} 22. e5 {[%clk 0:09:30]} dxe5
{[%clk 0:13:35]} 23. Bxe5 {[%clk 0:09:50]} Bc6 {[%clk 0:13:37]} 24. Qe2
{[%clk 0:06:20]} Rbc8 {[%clk 0:07:29]} 25. Bxc6 {[%clk 0:05:39]} Rxc6
{[%clk 0:07:54]} 26. Rg3 {[%clk 0:05:25]} Qf5 {[%clk 0:08:21]} 27. Nd4
{[%clk 0:05:01]} Rxd4 {[%clk 0:08:18]} 28. Bxd4 {[%clk 0:05:12]} Rxc2
{[%clk 0:08:42]} 29. Qxc2 {[%clk 0:01:38]} Qxc2 {[%clk 0:07:07]} 30. Bxf6
{[%clk 0:02:03]} Qxa4 {[%clk 0:07:29]} 31. Rxg7+ {[%clk 0:01:27]} Kf8
{[%clk 0:07:57]} 32. Rc1 {[%clk 0:01:42]} Qd7 {[%clk 0:07:40]} 33. Rh7
{[%clk 0:02:05]} 1-0

[Event "WYCC Open U18"]
[Site "Porto Carras"]
[Date "2015.10.31"]
[Round "6.10"]
[White "David, Alexandru-Vasile"]
[Black "Marek, Matyas"]
[Result "1/2-1/2"]
[BlackElo "2398"]
[WhiteElo "2340"]
[LiveChessVersion "1.4.6"]

1. d4 {[%clk 1:30:53]} Nf6 {[%clk 1:30:56]} 2. c4 {[%clk 1:30:47]} c5
{[%clk 1:31:22]} 3. d5 {[%clk 1:30:18]} b5 {[%clk 1:31:48]} 4. cxb5
{[%clk 1:30:42]} a6 {[%clk 1:32:14]} 5. bxa6 {[%clk 1:31:06]} g6 {[%clk 1:32:35]}
6. Nc3 {[%clk 1:31:33]} Bg7 {[%clk 1:32:57]} 7. e4 {[%clk 1:31:17]} O-O
{[%clk 1:33:09]} 8. Nf3 {[%clk 1:30:57]} Qa5 {[%clk 1:33:33]} 9. Nd2
{[%clk 1:29:14]} Bxa6 {[%clk 1:32:55]} 10. Be2 {[%clk 1:28:39]} Bxe2
{[%clk 1:24:06]} 11. Qxe2 {[%clk 1:27:34]} Qa6 {[%clk 1:24:08]} 12. Nf1
{[%clk 1:16:47]} d6 {[%clk 1:19:47]} 13. Ne3 {[%clk 1:11:15]} Nfd7
{[%clk 1:16:31]} 14. Nc4 {[%clk 1:07:19]} Ne5 {[%clk 1:14:12]} 15. Nxe5
{[%clk 1:05:57]} Bxe5 {[%clk 1:14:37]} 16. Bd2 {[%clk 0:58:03]} c4
{[%clk 1:11:06]} 17. O-O {[%clk 0:54:39]} Nd7 {[%clk 1:10:51]} 18. Be3
{[%clk 0:51:32]} Rfb8 {[%clk 1:09:06]} 19. Rfd1 {[%clk 0:48:00]} Rb4
{[%clk 1:04:42]} 20. Rac1 {[%clk 0:44:21]} Bg7 {[%clk 0:58:07]} 21. f4
{[%clk 0:41:30]} Qb7 {[%clk 0:52:33]} 22. Rc2 {[%clk 0:41:13]} Rb8
{[%clk 0:52:02]} 23. Rdd2 {[%clk 0:40:32]} Rc8 {[%clk 0:44:41]} 24. Nd1
{[%clk 0:33:50]} Ra4 {[%clk 0:30:20]} 25. a3 {[%clk 0:31:49]} c3 {[%clk 0:26:12]}
26. Nxc3 {[%clk 0:31:53]} Bxc3 {[%clk 0:26:28]} 27. Rxc3 {[%clk 0:31:37]} Rxc3
{[%clk 0:26:46]} 28. bxc3 {[%clk 0:32:02]} Qb1+ {[%clk 0:26:27]} 29. Qd1
{[%clk 0:31:03]} Qxe4 {[%clk 0:25:21]} 30. Bd4 {[%clk 0:30:51]} Rxa3
{[%clk 0:24:52]} 31. Re2 {[%clk 0:30:45]} Ra1 {[%clk 0:19:54]} 32. Rxe4
{[%clk 0:31:10]} Rxd1+ {[%clk 0:20:21]} 33. Kf2 {[%clk 0:31:37]} Kf8
{[%clk 0:20:22]} 34. Re2 {[%clk 0:25:45]} Ra1 {[%clk 0:17:11]} 35. Rb2
{[%clk 0:15:33]} 1/2-1/2